Science Quiz

Random Science Quiz

Eukaryotic Cell Organelles Quiz Stats

 Plays Quiz not verified by Sporcle

Also try: Animals - Bears
Challenge
Share
Tweet
Embed
Score 0/10 Timer 02:00
1 Play Today
Organelle Function % Correct
DNA synthesis; RNA synthesisNucleus
89.7%
Conversion of chemical energy of food to chemical energy of ATPMitochondria
80.6%
Digestion of ingested food, bacteria, and a cell's damaged organellesLysosome
74.5%
Polypeptide synthesisRibosomes
74%
Modification and transport of macromolecules; formation of lysosomes and transport vesiclesGolgi apparatus
69.7%
Conversion of light energy to chemical energy of sugarsChloroplasts
58.2%
Lipid synthesis; detoxification in liver cells; calcium ion storageSmooth ER
55.6%
Synthesis of lipids, proteins, secretory proteins, and hydrolytic enzymesRough ER
54.4%
Transports proteins within the cell eg. from the ER to the Golgi Vesicle
40.2%
Storage of chemicals; water balanceVacuoles
34.1%

You're not logged in!

Compare scores with friends on all Sporcle quizzes.
Join for Free
OR
Log In

You Might Also Like...

Show Comments

Extras

Top Quizzes Today


Score Distribution

Your Account Isn't Verified!

In order to create a playlist on Sporcle, you need to verify the email address you used during registration. Go to your Sporcle Settings to finish the process.

Report this User

Report this user for behavior that violates our Community Guidelines.

Details: